| 000 | 00327nam a2200109Ia 4500 | ||
|---|---|---|---|
| 008 | 160909s9999 xx 000 0 und d | ||
| 100 | _aPark, Julian Francis | ||
| 245 | _aEvery Breath You Take | ||
| 260 |
_bMills College. _c2016 |
||
| 650 | _aMULTIMEDIA ARTS | ||
| 856 | _uhttp://pqdtopen.proquest.com/doc/1797441891.html?FMT=ABS | ||
| 999 |
_c304384 _d304384 |
||